Olivenza y el Tratado de Alcañices / Manuel Martínez Martínez
ISBN:
84-923528-0-9
Descripción Física:
81 p. ; 24 cm
MARC
| LEADER | 00000nam a2200000Ia 4500 | ||
|---|---|---|---|
| 001 | 14741 | ||
| 008 | 160829s1997 xx 000 0 cat d | ||
| 020 | |a 84-923528-0-9 | ||
| 080 | |a H-1-254 | ||
| 100 | |a Martínez Martínez, Manuel |9 32282 | ||
| 245 | |a Olivenza y el Tratado de Alcañices / Manuel Martínez Martínez | ||
| 260 | |a Olivenza : |b Ayuntamiento, |c 1997 | ||
| 300 | |a 81 p. ; |c 24 cm | ||
| 650 | |a Tractat d'Alcañices (1297) |9 32283 | ||
| 650 | |a Espanya |x Fronteres |x Portugal |9 32284 | ||
| 650 | |a Portugal |x Fronteres |x Espanya I |9 32285 | ||
| 650 | |a Olivenza (Extremadura) |x Història |9 32286 | ||
| 710 | 1 | |a Olivença (Extremadura). |b Ayuntamiento |9 55495 | |
| 901 | |a Arxiu | ||
| 942 | |n 1 | ||
| 952 | |0 0 |1 0 |4 0 |6 H1254 |7 1 |9 45932 |a Arxiu |b Arxiu |d 2016-12-01 |l 0 |o H-1-254 |p 14741 |r 2016-12-01 00:00:00 |w 2016-12-01 |y ARXIU | ||
| 999 | |c 49433 |d 49433 | ||